00650nam a22001457a 4500008004100000022001400041040005500055245003800110260004400148310001400192942000700206999001700213952013500230952013900365230828b |||||||| |||| 00| 0 eng d a0970-2334 aNational Science LibrarycNational Science Library aBulletin of Indian vacuum society aBombay: bIndian Vacuum Society, c1998 aQuarterly cCR c59856d59856 00103Vol. 6-8 (1-4), 2003-0540709130271aNSLbNSLcFF/Rk-5/C-8/R-1d2015-01-13l0p249447r2023-08-28 00:00:00w2015-01-13yCR 00103Vol. 1-2, NOS. 1-4, 1998-9940709171955aNSLbNSLcFF/Rk-5/C-8/R-1d2015-01-13l0p150650r2024-06-12 00:00:00w2015-01-13yCR